| 000 | 00461nam a22001937a 4500 | ||
|---|---|---|---|
| 003 | CEME | ||
| 005 | 20210628201756.0 | ||
| 008 | 210208b xxu||||| |||| 00| 0 eng d | ||
| 020 | _a81-203-0086-6 | ||
| 040 | _c. | ||
| 082 | _a515.15 WID | ||
| 100 |
_aWidder, David V _956784 |
||
| 245 | _aAdvanced calculus | ||
| 250 | _a2ND | ||
| 260 |
_aNEW DLEHI _bPRENTICE HALL _c2004 |
||
| 300 | _aXVI,519P | ||
| 650 |
_aADVANCED CALCULUS _956785 |
||
| 942 |
_cBK _2ddc |
||
| 999 |
_c567132 _d567132 |
||